• 首页
  • 本馆介绍
  • 公告通知
  • 最新文献
  • 馆藏检索
  • 电子资源
  • 读者导购
  • 参考咨询
  • 我的图书馆
  • 登录
  • 详细信息显示
  • 放入我的书架
  • 预约/预借图书
  • 作者相关作品
  • 分类相关作品
  • 丛书相关作品
  • 出版社相关作品

书目信息

  • 表格格式
  • 工作单格式
  • 卡片格式
题名:
中国旱地和高水效农业的研究与发展
    
 
作者: 张正斌 著
分册:  
出版信息: 北京   科学出版社  2006
页数: 10,170页
开本: 24cm
丛书名:
单 册:
中图分类: S275.3-53
科图分类:
主题词: 旱地--农田灌溉--节约用水--研究--中国--文集
电子资源:
ISBN: 7-03-016764-3
000 01149nam0 2200265 450
001 012004031195
005 20070805110750.46
009 012004031195
010    @a7-03-016764-3@dCNY48.00
035    @a(110019)012006017217
100    @a20060410d2006 em y0chiy0110 ea
101 0  @achi
102    @aCN@b110000
105    @ay z 000yy
106    @ar
200 1  @a中国旱地和高水效农业的研究与发展@Azhong guo han di he gao shui xiao nong ye de yan jiu yu fa zhan@f张正斌著@Fzhang zheng bin zhu
210    @a北京@c科学出版社@d2006
215    @a10,170页@d24cm
330    @a本书分三部分:第一部分是半干旱地区作物产量潜力限制因子分析以及温热、降水、肥料、科技等因子对作物增产的贡献及应用方向;第二部分是黄土高原整治和生态农业建设经验总结以及雨水利用研究;第三部分是提高水分利用效率,开拓生物节水和高水效农业研究与发展,思考和探讨我国农业未来发展方向。
510 1  @aResearch and Development on Dryland and High Water Use Efficiency Agriculture in China@zeng
606 0  @a旱地@x农田灌溉@x节约用水@x研究@y中国@j文集
690    @aS275.3-53@v4
701  0 @a张正斌@Azhang zheng bin@4著
801  0 @aCN@b110019@c20070805
905    @dS275.3-53@e41@f4
    
    中国旱地和高水效农业的研究与发展/张正斌著.-北京:科学出版社,2006
    10,170页;24cm
    
    
    ISBN 7-03-016764-3:CNY48.00
    本书分三部分:第一部分是半干旱地区作物产量潜力限制因子分析以及温热、降水、肥料、科技等因子对作物增产的贡献及应用方向;第二部分是黄土高原整治和生态农业建设经验总结以及雨水利用研究;第三部分是提高水分利用效率,开拓生物节水和高水效农业研究与发展,思考和探讨我国农业未来发展方向。
●
相关链接 在E读中查询图书 在五车中查询图书 在当当中查询图书 在豆瓣中查询图书


正题名:中国旱地和高水效农业的研究与发展     索取号:S275.3-53/41         预约/预借

序号 登录号 条形码 馆藏地/架位号 状态 备注
1 0851639   208516391   第二样本阅览室/ [索取号:S275.3-53/41] 在馆    
2 0851640   208516408   第三借阅区/ [索取号:S275.3-53/41] 在馆    
3 0851641   208516417   第三借阅区/ [索取号:S275.3-53/41] 在馆    
4 0851642   208516426   第三借阅区/ [索取号:S275.3-53/41] 在馆    
唐山师范学院图书馆 欢迎您!
大连网信软件有限公司© 版权所有